000 04283cam a2200901 a 4500
001 ocm62085318
003 OCoLC
005 20241220133653.0
008 050926s2006 enkab j b 001 0beng
010 _a 2005026635
040 _aDLC
_beng
_cDLC
_dBAKER
_dJSZ
_dC#P
_dBTCTA
_dQBX
_dXY4
_dYDXCP
_dOCLCG
_dNBO
_dCCS
_dOCLCQ
_dBDX
_dOCLCO
_dOCLCF
_dOCLCO
_dOCLCQ
_dTDS
_dCNGUL
_dCHILD
_dTXP
_dVBO
_dOCLCQ
_dOCLCO
_dWLM
_dBRL
_dGILDS
_dJDP
_dOCLCO
_dOCL
_dCPS
_dBNG
_dOCL
_dOCLCO
_dOCLCA
_dOCLCQ
_dOCLCO
_dWSL
_dWKP
_dOCLCO
_dOCL
_dOCLCO
_dWACOL
020 _a0756614961
_q(pbk.)
020 _a9780756614966
_q(pbk.)
020 _a0756614953
_q(hdbk.)
020 _a9780756614959
_q(hdbk.)
020 _a0606001751
020 _a9780606001755
029 1 _aAU@
_b000028609874
029 1 _aNLGGC
_b41364765X
029 1 _aNZ1
_b10515440
029 1 _aQBX
_ba 05026635
035 _a(OCoLC)62085318
043 _an-us---
050 0 0 _aE807.1.R48
_bS29 2006
082 0 0 _a973.917092
_222
082 0 4 _aB
_222
084 _aK837.127
_2clc
096 _aB Roosevelt Saw
092 _a92
_bRoosevelt
049 _aWACL
100 1 _aSawyer, Kem Knapp.
_932344
245 1 0 _aEleanor Roosevelt /
_cKem Knapp Sawyer.
246 1 4 _aEleanor Roosevelt :
_ba photographic story of a life
250 _a1st American ed.
260 _aLondon ;
_aNew York :
_bDK Pub.,
_c2006.
300 _a128 pages :
_billustrations (some color), color map ;
_c21 cm.
336 _atext
337 _aunmediated
338 _avolume
490 1 _aDK biography
504 _aIncludes bibliographical references (pages 124-125) and index.
505 0 _aLittle Nell -- Granny -- "Thinking of you always" -- Living with Grandmother Hall -- Taste of independence -- Volunteer and debutante -- "Happiness!" -- Family, friends, and politics -- Fever at Campobello -- Courage -- Teacher, writer, and first lady of New York -- New deal -- "The trouble I've seen" -- World at war -- New calling -- Life as an adventure -- "You learn by living" -- "Her glow had warmed the world" -- Timeline -- Bibliography -- Index -- Organizations of interest.
520 _aBiography of Eleanor Roosevelt, wife of President Franklin D. Roosevelt and a political figure in her own right.
526 0 _aAccelerated Reader
_bGrades 5-8
_c7.2
_d4
_zQuiz 170641
_zEnglish non-fiction.
521 _ajunior nonfiction
_bdonation
600 1 0 _aRoosevelt, Eleanor,
_d1884-1962
_vJuvenile literature.
_95692456
650 0 _aPresidents' spouses
_zUnited States
_vBiography
_vJuvenile literature.
_95733115
600 1 1 _aRoosevelt, Eleanor,
_d1884-1962.
650 1 _aFirst ladies.
_9102559
650 1 _aWomen
_vBiography.
_95693689
650 7 _aPresidents' spouses
_zUnited States
_vBiographyJuvenile literature.
_2cct
_96467296
600 1 7 _aRoosevelt, Eleanor,
_d1884-1962
_2fast
_0(OCoLC)fst00047200
650 7 _aPresidents' spouses.
_2fast
_0(OCoLC)fst01075830
651 7 _aUnited States.
_2fast
_0(OCoLC)fst01204155
600 1 7 _aRoosevelt, Eleanor,
_d1884-1962.
_2sears
650 7 _aWomen
_vBiography.
_2sears
_95693689
650 7 _aPresidents' spouses
_zUnited States
_vBiography.
_2sears
_95704070
655 0 _aReaders (Adult)
_96467297
655 2 _aBiography
_95694263
655 7 _aReaders (Adult)
_2fast
_0(OCoLC)fst01726482
_96467297
655 7 _aLiterature.
_2fast
_0(OCoLC)fst01921716
_95737092
655 7 _aBiographies.
_2fast
_0(OCoLC)fst01919896
_95691024
655 7 _aJuvenile works.
_2fast
_0(OCoLC)fst01411637
_95673941
655 7 _aBiographies.
_2lcgft
_95691024
655 7 _aLiterature.
_2lcgft
_95737092
655 7 _aBiographies.
_2rvmgf
_95691024
830 0 _aDK biography.
_95840028
856 4 1 _3Table of contents
_uhttp://catdir.loc.gov/catdir/toc/ecip061/2005026635.html
938 _aBaker & Taylor
_bBKTY
_c14.99
_d11.24
_i0756614953
_n0006519122
_sactive
938 _aBaker & Taylor
_bBKTY
_c4.99
_d3.74
_i0756614961
_n0006519121
_sactive
938 _aBrodart
_bBROD
_n04319516
_c$5.99
938 _aBaker and Taylor
_bBTCP
_n2005026635
938 _aChildren's Plus, Inc.
_bCHIL
_n2031403
938 _aQuality Books, Inc.
_bQUAL
_na 05026635
938 _aYBP Library Services
_bYANK
_n8258318
938 _aYBP Library Services
_bYANK
_n2821451
994 _aC0
_bWACOL
999 _c89242
_d89242